地理の統計TOP5〜10 石炭編 - Statistics

General Stats
  • This quiz has been taken 8 times
  • The average score is 20 of 30
Answer Stats
統計 世界計 順位 Answer % Correct
石炭埋蔵量 7536億t 1 アメリカ
100%
2 中国
100%
石炭生産量 68億t 1 中国
100%
石炭輸入量 12.6億t 1 中国
100%
日本の石炭輸入先 1.8億t 1 オーストラリア
100%
4 オーストラリア
88%
5 ロシア
88%
2 インド
88%
3 インド
75%
2 インド
75%
4 オーストラリア
75%
5 ロシア
75%
7 アメリカ
75%
2 オーストラリア
75%
3 日本
75%
2 インドネシア
75%
3 ロシア
75%
3 インドネシア
63%
6 南アフリカ
63%
石炭輸出量 13億t 1 インドネシア
63%
3 ロシア
63%
4 南アフリカ
63%
4 韓国
63%
5 アメリカ
63%
8 カザフスタン
38%
4 カナダ
38%
9 ポーランド
13%
10 コロンビア
13%
5 コロンビア
13%
5 ベトナム
13%
No matching quizzes found
Score Distribution
Percent of People with Each Score
Percentile by Number Answered
Your Score History
You have not taken this quiz